| 000 | 00917 a2200277 4500 | ||
|---|---|---|---|
| 010 | _a 98037560 | ||
| 020 | _a0415200717 (hardbound) | ||
| 020 | _a0415200725 (pbk.) | ||
| 082 | 0 | 0 | _a307.76 |
| 090 |
_c477 _d477 |
||
| 245 | 0 | 0 |
_aUnsettling cities / _cedited by John Allen, Doreen Massey & Michael Pryke. |
| 260 |
_aLondon ; _aNew York : _bRoutledge, _c1999. |
||
| 300 |
_aix, 354 p. : _bill. ; _c26 cm. |
||
| 490 | 1 | _aUnderstanding cities | |
| 650 | 0 |
_aCities and towns _xGrowth. |
|
| 650 | 0 | _aCity and town life. | |
| 650 | 0 | _aSocial change. | |
| 650 | 0 | _aRural-urban migration. | |
| 650 | 0 | _aUrban policy. | |
| 700 | 1 |
_aAllen, John, _d1951- |
|
| 700 | 1 | _aMassey, Doreen B. | |
| 700 | 1 |
_aPryke, Michael, _d1955- |
|
| 830 | 0 | _aUnderstanding cities (London, England) | |
| 856 | 4 | 2 |
_3Publisher description _uhttp://www.loc.gov/catdir/enhancements/fy0649/98037560-d.html |
| 942 |
_aSADA _cBK _k307.76 UNS 1999 |
||
| 999 |
_c352593 _d352593 |
||